000 01637nam a2200265 i 4500
003 DO-SdBNP
005 20240906104949.0
007 ta
008 240906s1997 fr 000 j spa d
020 _a2253146102
040 _aDO-SdBNP
_bspa
_cBNPHU
_erda
082 _bC492
_222
100 1 _aChâtelet, Noëlle
_911765
_d1944-
_eautora
245 1 3 _aLa femme coquelicot /
_cNoëlle Châtelet
264 1 _aFrancia :
_bEdiciones Stock,
_c1997.
300 _a151 páginas,
_c18 cm.
336 _2rdacontent
_atexto
_btxt
337 _2rdamedia
_asin mediación
_bn
338 _2rdacarrier
_avolumen
_bnc
500 _aLibro de bolsillo.
520 _aMarthe tiene setenta años. Se podría creer que ésta ya no es la época de las pasiones. Sin embargo, se permitirá vivirlo con Félix, el hombre de los pañuelos multicolores, diez años mayor que ella... Una pasión hecha de la maravilla de las almas y también de la de los cuerpos. Todo lo que no le ha dado una larga vida como esposa y madre. Los hijos y los nietos, que rápidamente la habían puesto bajo el título de "años mayores" y "pastel de abuela", tendrán que presenciar la metamorfosis de Marthe en esta mujer amapola , radiante y frágil, llena de alegría de amar y de ser amada. Es un tema tabú sobre el que el novelista de La mujer de azul levanta aquí el velo, en una época en la que se dice que la vejez es una vergüenza o una derrota. Lo trata con gracia, emoción y también humor, lo que le ha valido una entusiasta acogida por parte de la crítica y el público.
590 _aInventariado, 2024/ YL
910 _aYLockward
942 _2ddc
_cLBS1
999 _c57644
_d57644